[Event "III. Budapest Open"]
[Site "Budapest, Hungary"]
[Date "2013.08.23"]
[Round "7.14"]
[White "Kancz, Csaba"]
[Black "Heyl, Thomas"]
[Result "0-1"]
[WhiteElo "1648"]
[BlackElo "1997"]
[PlyCount "72"]
[EventDate "2013.??.??"]

1. d4 d5 2. Nf3 Nf6 3. g3 c6 4. Bg2 Bf5 5. a3 e6 6. b3 Be7 7. Bb2 O-O 8. h3 h6
9. O-O Nbd7 10. Nbd2 Ne4 11. c4 Bf6 12. Rc1 Qc7 13. Kh2 Rad8 14. cxd5 exd5 15.
e3 Rfe8 16. b4 a6 17. Qb3 Qd6 18. Qd1 h5 19. h4 Bg4 20. Qc2 Bf5 21. Qd1 Re6 22.
Nxe4 dxe4 23. Ne5 Nxe5 24. dxe5 Bxe5 25. Qc2 Bxb2 26. Qxb2 Re5 27. Qc2 Qe6 28.
Rfd1 Red5 29. Rf1 Rd2 30. Qc5 Bg4 31. Qb6 R8d7 32. Qc5 Qf6 33. Kg1 Be2 34. Bxe4
Bxf1 35. Rxf1 g6 36. Qc4 Kg7 0-1

[Event "III. Budapest Open"]
[Site "Budapest, Hungary"]
[Date "2013.08.23"]
[Round "7.15"]
[White "Peczeli, Zoltan"]
[Black "Rajcsanyi, Peter"]
[Result "1/2-1/2"]
[WhiteElo "2036"]
[BlackElo "1850"]
[PlyCount "50"]
[EventDate "2013.??.??"]

1. d4 Nf6 2. c4 e6 3. Nf3 d5 4. g3 a6 5. Bg2 dxc4 6. Ne5 Bb4+ 7. Nc3 Nd5 8. Bd2
Nb6 9. e3 Bd6 10. Nxc4 N8d7 11. Nxd6+ cxd6 12. Qb3 d5 13. O-O Nc4 14. Qc2 Nxd2
15. Qxd2 O-O 16. Rac1 Nb6 17. b3 Bd7 18. Rc2 Qe7 19. Rfc1 Qb4 20. Ne4 Qxd2 21.
Nxd2 Rac8 22. Rc7 Rxc7 23. Rxc7 Bc6 24. Nf3 Rc8 25. Rxc8+ Nxc8 1/2-1/2

[Event "III. Budapest Open"]
[Site "Budapest, Hungary"]
[Date "2013.08.23"]
[Round "7.16"]
[White "Adrien, Vincent"]
[Black "Kovacsy, Barnabas"]
[Result "1-0"]
[WhiteElo "1994"]
[BlackElo "1508"]
[PlyCount "149"]
[EventDate "2013.??.??"]

1. e4 c6 2. d4 d5 3. Nc3 dxe4 4. Nxe4 Bf5 5. Ng3 Bg6 6. f4 e6 7. Nf3 Nd7 8. Bd3
Bxd3 9. Qxd3 Ngf6 10. f5 Qe7 11. O-O O-O-O 12. fxe6 fxe6 13. Bf4 h6 14. Rae1 g5
15. Be5 Bg7 16. Bxf6 Bxf6 17. Nf5 Qf8 18. Ne3 Qg7 19. Qe4 Rhe8 20. Nc4 Qe7 21.
c3 h5 22. Nfe5 Nxe5 23. dxe5 Qc5+ 24. Kh1 Be7 25. b4 Qd5 26. Qe2 Qd3 27. Nd6+
Rxd6 28. exd6 Qxe2 29. Rxe2 Bxd6 30. Rf6 Kd7 31. g3 h4 32. Kg2 hxg3 33. hxg3 c5
34. bxc5 Bxc5 35. Rg6 Ba3 36. Rxg5 Kd6 37. Kf3 Rf8+ 38. Kg4 b6 39. Rd2+ Kc6 40.
Rg6 Re8 41. Kf3 Bc5 42. Ke4 Kb5 43. Kd3 Rd8+ 44. Kc2 Re8 45. Re2 e5 46. Kb3 e4
47. Rg4 e3 48. Rf4 Rg8 49. Rf3 a5 50. c4+ Ka6 51. a4 Rd8 52. Rexe3 Bxe3 53.
Rxe3 Kb7 54. g4 Rg8 55. Rg3 Rg5 56. Kc3 Kc6 57. Kd4 Kd6 58. Rg2 Kc6 59. Rg1 Kd6
60. Ke4 Kc5 61. Kf4 Rg8 62. Rb1 Kc6 63. Rb5 Rf8+ 64. Rf5 Rxf5+ 65. gxf5 Kc5 66.
f6 Kxc4 67. f7 Kb4 68. f8=Q+ Kxa4 69. Ke3 b5 70. Kd3 b4 71. Qg7 b3 72. Qe7 b2
73. Kc2 b1=Q+ 74. Kxb1 Kb3 75. Qe3+ 1-0

[Event "III. Budapest Open"]
[Site "Budapest, Hungary"]
[Date "2013.08.23"]
[Round "7.18"]
[White "Balla, Attila"]
[Black "Schatzer, Andras"]
[Result "1/2-1/2"]
[WhiteElo "1813"]
[BlackElo "1827"]
[PlyCount "121"]
[EventDate "2013.??.??"]

1. g3 g6 2. Nf3 Bg7 3. Bg2 Nf6 4. O-O O-O 5. d3 c5 6. e4 Nc6 7. Nbd2 d5 8. Re1
Qc7 9. c3 e5 10. exd5 Nxd5 11. a4 Rd8 12. Nc4 Nb6 13. Nxb6 Qxb6 14. Qe2 Bf5 15.
Rd1 Rd7 16. Nh4 Be6 17. Be3 Bb3 18. Rd2 Rad8 19. Ra3 Na5 20. f4 exf4 21. gxf4
Re7 22. Qf2 Rde8 23. Bxc5 Re1+ 24. Bf1 Qe6 25. Ng2 Rb1 26. Bxa7 Qg4 27. Qg3
Qxg3 28. hxg3 Bf8 29. Rxb3 Nxb3 30. Rf2 Bc5 31. Bxc5 Nxc5 32. d4 Nxa4 33. f5
Rxb2 34. fxg6 hxg6 35. Rf3 Rc2 36. Bc4 Re7 37. Nf4 Re1+ 38. Rf1 Rxf1+ 39. Kxf1
Rxc3 40. Bb5 Rxg3 41. Kf2 Ra3 42. d5 Nb6 43. d6 Ra5 44. d7 Nxd7 45. Bxd7 b5 46.
Nd5 Kg7 47. Ke3 Ra3+ 48. Kd4 Rb3 49. Kc5 f5 50. Bxb5 g5 51. Bd7 f4 52. Kd4 f3
53. Ne3 f2 54. Bh3 Rb4+ 55. Kd3 Rb3+ 56. Ke2 g4 57. Bxg4 Rxe3+ 58. Kxf2 Ra3 59.
Bf3 Kf6 60. Ke2 Ke5 61. Bc6 {...} 1/2-1/2

[Event "III. Budapest Open"]
[Site "Budapest, Hungary"]
[Date "2013.08.23"]
[Round "7.19"]
[White "Abraham, Lajos"]
[Black "Danffy, Abel"]
[Result "1-0"]
[WhiteElo "1821"]
[BlackElo "1380"]
[PlyCount "85"]
[EventDate "2013.??.??"]

1. e4 e5 2. Nf3 Nc6 3. Bb5 a6 4. Ba4 Nf6 5. O-O b5 6. Bb3 Bc5 7. Nxe5 Nxe5 8.
d4 Bxd4 9. Qxd4 Nc6 10. Qe3 O-O 11. f3 d6 12. c3 Re8 13. Qf2 Be6 14. Bc2 Bc4
15. Rd1 Qb8 16. Be3 Qb7 17. Nd2 d5 18. b3 d4 19. cxd4 Nb4 20. Nxc4 bxc4 21.
bxc4 Rad8 22. Rab1 a5 23. a3 c6 24. axb4 axb4 25. Bd2 Qd7 26. Bxb4 Rb8 27. Bc3
Rxb1 28. Bxb1 c5 29. e5 Nh5 30. g4 Nf4 31. Qe3 g5 32. Qe4 f5 33. gxf5 cxd4 34.
Rxd4 Qa7 35. Kh1 Nh3 36. Qd5+ Qf7 37. Qxf7+ Kxf7 38. Rd7+ Kg8 39. f6 Rb8 40.
Bxh7+ Kf8 41. e6 Re8 42. Bb4+ Re7 43. Rd8# 1-0

[Event "III. Budapest Open"]
[Site "Budapest, Hungary"]
[Date "2013.08.23"]
[Round "7.20"]
[White "Gyulai, David"]
[Black "Mihok, Laszlo"]
[Result "1/2-1/2"]
[WhiteElo "1435"]
[BlackElo "2102"]
[PlyCount "90"]
[EventDate "2013.??.??"]

1. e4 e5 2. Nf3 Nf6 3. Nxe5 d6 4. Nf3 Nxe4 5. Bc4 d5 6. Be2 Be7 7. d3 Nd6 8.
O-O Bg4 9. Nd4 Bxe2 10. Qxe2 O-O 11. Be3 Bf6 12. c4 Re8 13. Qc2 c5 14. Nf3 d4
15. Bf4 Nc6 16. Nbd2 Nb4 17. Qb1 Re6 18. a3 Nc6 19. Qc2 Qd7 20. Rae1 Rae8 21.
Rxe6 Rxe6 22. Re1 Be7 23. Qb1 h6 24. h3 f5 25. Nf1 g5 26. Bd2 Bf6 27. Rxe6 Qxe6
28. Qe1 Kf7 29. Qxe6+ Kxe6 30. Ne1 f4 31. f3 Nf5 32. Kf2 Ne3 33. Ke2 Bd8 34. g4
a6 35. b4 b5 36. cxb5 axb5 37. bxc5 Ba5 38. Nxe3 Bxd2 39. Nf5 Ba5 40. Nc2 Kd5
41. Nxh6 Bd8 42. Nb4+ Kxc5 43. Nxc6 Kxc6 44. Kd2 Kb6 45. Kc2 Kc6 1/2-1/2

[Event "III. Budapest Open"]
[Site "Budapest, Hungary"]
[Date "2013.08.23"]
[Round "7.21"]
[White "Breznyan, Annamaria"]
[Black "Czimer, Jozsef"]
[Result "0-1"]
[WhiteElo "1302"]
[BlackElo "1704"]
[PlyCount "122"]
[EventDate "2013.??.??"]

1. e4 d6 2. Bc4 Nf6 3. Nc3 c6 4. d4 Nbd7 5. Nf3 Nb6 6. Bb3 e6 7. O-O Be7 8. Bf4
O-O 9. Qe2 d5 10. exd5 exd5 11. Rfe1 Re8 12. Qd3 Bg4 13. h3 Bh5 14. Re3 Bg6 15.
Qe2 Bd6 16. Rxe8+ Nxe8 17. Qd2 Qc7 18. Bxd6 Qxd6 19. Re1 Nc7 20. Qe2 Ne6 21. a3
Kf8 22. Na4 Be4 23. c3 Nd7 24. Bc2 Bxf3 25. Qxf3 b5 26. Nc5 Ndxc5 27. dxc5 Nxc5
28. b4 Nd7 29. Bxh7 Nf6 30. Bf5 a5 31. Qd3 axb4 32. axb4 Qf4 33. g3 Qc7 34. Qd4
Re8 35. Rxe8+ Nxe8 36. Kf1 Qd6 37. Ke2 Qe7+ 38. Kd3 Nd6 39. Bg4 f5 40. Bf3 Nf7
41. Qe3 Qd6 42. Qc5 Qxc5 43. bxc5 Ne5+ 44. Ke3 Ke7 45. Be2 Kf6 46. h4 Ng4+ 47.
Bxg4 fxg4 48. Kf4 d4 49. cxd4 b4 50. Ke3 Ke6 51. Kd3 Kd5 52. h5 b3 53. Kc3 b2
54. Kxb2 Kxd4 55. Kc2 Kxc5 56. Kd3 Kd5 57. Ke3 c5 58. f3 gxf3 59. Kxf3 Kd4 60.
Ke2 Kc3 61. Ke3 c4 0-1

[Event "III. Budapest Open"]
[Site "Budapest, Hungary"]
[Date "2013.08.23"]
[Round "7.22"]
[White "Czipp, Janos"]
[Black "Breznyan, Dorina"]
[Result "1-0"]
[WhiteElo "1417"]
[BlackElo "1261"]
[PlyCount "71"]
[EventDate "2013.??.??"]

1. d4 d5 2. Nf3 Nf6 3. Nbd2 Bf5 4. e3 e6 5. c3 c6 6. Ne5 Bd6 7. Bd3 Bxd3 8.
Nxd3 Nbd7 9. O-O O-O 10. Nf3 Qe7 11. Re1 b5 12. b4 a5 13. a3 Ne4 14. Qc2 Ndf6
15. Nfe5 Nd7 16. Nxd7 Qxd7 17. f3 Ng5 18. h4 Bg3 19. hxg5 Bxe1 20. Nxe1 Qd6 21.
f4 a4 22. Nf3 Ra7 23. Bd2 f6 24. Be1 Qe7 25. Bh4 fxg5 26. Bxg5 Qe8 27. Bh4 Qh5
28. Qf2 Qf5 29. Ne5 Rc7 30. Kh2 Qh5 31. g4 Qe8 32. Rg1 g6 33. Rh1 Rg7 34. Bg5
Rc7 35. Bh6 Rf6 36. Qh4 1-0

[Event "III. Budapest Open"]
[Site "Budapest, Hungary"]
[Date "2013.08.23"]
[Round "7.23"]
[White "Szurkos, Andras"]
[Black "Karacsonyi, Kata"]
[Result "1/2-1/2"]
[WhiteElo "1786"]
[BlackElo "1288"]
[PlyCount "124"]
[EventDate "2013.??.??"]

1. e4 e5 2. Bc4 Nf6 3. d3 c6 4. Nf3 d5 5. exd5 cxd5 6. Bb3 Nc6 7. O-O Bd6 8.
Bg5 Be6 9. Nc3 Bc7 10. h3 d4 11. Ne4 Qe7 12. Nh2 O-O-O 13. Bxe6+ Qxe6 14. Ng4
Rde8 15. Bxf6 gxf6 16. Ngxf6 Ref8 17. Qg4 Bd8 18. Qxe6+ fxe6 19. Nh5 Rhg8 20.
a3 Rg6 21. Kh2 Ne7 22. f4 Bc7 23. fxe5 Bxe5+ 24. Kg1 Rfg8 25. Rf2 Nf5 26. Raf1
Ne3 27. Rf8+ Kc7 28. R1f7+ Kb6 29. g4 Rxf8 30. Rxf8 Nxc2 31. Kf2 Ne3 32. Kf3
Nd1 33. Nhf6 Bxf6 34. Rxf6 Nxb2 35. Rxg6 hxg6 36. Nf2 Kc6 37. h4 Kd6 38. Ke4 e5
39. g5 Ke6 40. Ng4 Na4 41. Nxe5 Nc3+ 42. Kxd4 Nb5+ 43. Ke4 Nc3+ 44. Kf4 Nd5+
45. Ke4 Nc3+ 46. Kd4 Nb5+ 47. Kc5 Nxa3 48. Nxg6 Kf5 49. Ne7+ Ke6 50. Nc8 a5 51.
h5 b5 52. h6 Kf7 53. Nd6+ Kg6 54. Nxb5 Nc2 55. d4 Nb4 56. Nc3 Na6+ 57. Kb5 Nc7+
58. Kxa5 Ne6 59. Ne4 Nxd4 60. Kb4 Ne6 61. Kc4 Nxg5 62. Nxg5 Kxh6 1/2-1/2

[Event "III. Budapest Open"]
[Site "Budapest, Hungary"]
[Date "2013.08.24"]
[Round "8.1"]
[White "Erdos, Boglarka"]
[Black "Zentai, Peter"]
[Result "0-1"]
[WhiteElo "2189"]
[BlackElo "2234"]
[PlyCount "122"]
[EventDate "2013.??.??"]

1. e4 e5 2. Nf3 Nc6 3. Bc4 d6 4. c3 g6 5. d3 Bg7 6. Nbd2 Nge7 7. Ng5 O-O 8. Qf3
Qe8 9. h4 Na5 10. h5 Nxc4 11. Nxc4 h6 12. Nh3 f5 13. Qe2 g5 14. exf5 Nxf5 15.
Bd2 Qf7 16. Ng1 Be6 17. Ne3 Rae8 18. b3 d5 19. Nf3 d4 20. Nd1 Bd5 21. O-O e4
22. dxe4 Bxe4 23. Qc4 Bd5 24. Qd3 Be4 25. Qc4 Bd5 26. Qd3 Qxh5 27. Nxd4 Nxd4
28. cxd4 Qg4 29. Qh3 Qxh3 30. gxh3 Bxd4 31. Rc1 c6 32. Be3 Be5 33. Nc3 Be6 34.
Kg2 a6 35. Rfe1 Bf4 36. Bxf4 Rxf4 37. Re3 Bf7 38. Rxe8+ Bxe8 39. Re1 Kf8 40.
Ne4 Bf7 41. Nc5 Bd5+ 42. Kg1 Rf3 43. Re3 Rf7 44. Re5 a5 45. Kf1 Kg7 46. Re8 b6
47. Nd3 Rf3 48. Ne5 Rxh3 49. Rb8 b5 50. Rb7+ Kf6 51. Ng4+ Ke6 52. Ne3 Rh1+ 53.
Ke2 Ra1 54. Rh7 Rxa2+ 55. Kd3 Rxf2 56. Rxh6+ Rf6 57. Rh5 Bxb3 58. Rxg5 Kd6 59.
Nf5+ Kc7 60. Nd4 Bc4+ 61. Kc3 Kb6 0-1

[Event "III. Budapest Open"]
[Site "Budapest, Hungary"]
[Date "2013.08.24"]
[Round "8.2"]
[White "Farago, Sandor"]
[Black "Juhasz, Bela"]
[Result "1-0"]
[WhiteElo "2270"]
[BlackElo "2194"]
[PlyCount "83"]
[EventDate "2013.??.??"]

1. e4 c5 2. Nf3 e6 3. d4 cxd4 4. Nxd4 a6 5. Nc3 Qc7 6. a3 Nf6 7. g3 b5 8. Bg2
Bb7 9. O-O d6 10. Re1 Be7 11. a4 b4 12. Na2 d5 13. exd5 Nxd5 14. Nf5 exf5 15.
Bxd5 O-O 16. Bf4 Qd7 17. Bxb7 Qxb7 18. Rxe7 Qxe7 19. Bd6 Qd8 20. Bxf8 Qxf8 21.
Qd5 Ra7 22. Qxf5 Rc7 23. Rd1 Nc6 24. Nc1 h6 25. Qf4 Rc8 26. Nb3 Qe7 27. Qc4 Qb7
28. Qe4 Na5 29. Rd5 Nc6 30. Nd4 Qe7 31. Qg4 Rd8 32. Nf5 Qf6 33. Rxd8+ Nxd8 34.
Qd4 Qxd4 35. Nxd4 Kf8 36. Kf1 Ke7 37. Ke2 g6 38. Kd3 Kd6 39. Kc4 a5 40. f3 Nb7
41. Kb5 Kd5 42. Nb3 1-0

[Event "III. Budapest Open"]
[Site "Budapest, Hungary"]
[Date "2013.08.24"]
[Round "8.3"]
[White "Szalanczy, Emil"]
[Black "Meszaros, Andras"]
[Result "0-1"]
[WhiteElo "2285"]
[BlackElo "2261"]
[PlyCount "76"]
[EventDate "2013.??.??"]

1. e4 e6 2. d4 d5 3. Nc3 a6 4. Nf3 Nf6 5. Bg5 Be7 6. Bd3 dxe4 7. Nxe4 Nxe4 8.
Bxe7 Nxf2 9. Bxd8 Nxd1 10. Bxc7 Nxb2 11. Be2 Na4 12. c4 Bd7 13. O-O Nc6 14. d5
Ne7 15. Ng5 Nf5 16. Bh5 g6 17. Rxf5 exf5 18. Re1+ Kf8 19. Bd6+ Kg7 20. Re7 gxh5
21. Nxf7 Be8 22. Ng5+ Kg6 23. h4 Rf8 24. Be5 f4 25. Rxb7 Rf7 26. Rb4 a5 27. Rb1
Rf5 28. Bd4 Rc8 29. Rb7 Rf7 30. Nxf7 Bxf7 31. Ra7 Rxc4 32. Bh8 Bxd5 33. Rxa5
Nc5 34. Be5 Rc1+ 35. Kh2 Rc2 36. Bxf4 Bxg2 37. Be5 Ne4 38. Ra8 Bf3+ 0-1

[Event "III. Budapest Open"]
[Site "Budapest, Hungary"]
[Date "2013.08.24"]
[Round "8.4"]
[White "Koncz, Imre"]
[Black "Toth, Sarolta"]
[Result "0-1"]
[WhiteElo "2181"]
[BlackElo "2138"]
[PlyCount "52"]
[EventDate "2013.??.??"]

1. d4 Nf6 2. c4 e6 3. Nc3 Bb4 4. e3 O-O 5. Bd3 d5 6. Nf3 b6 7. O-O Bb7 8. a3
Bd6 9. cxd5 exd5 10. Qc2 a6 11. Ne5 c5 12. b3 Nc6 13. Nxc6 Bxc6 14. dxc5 bxc5
15. Rd1 Qe7 16. g3 h5 17. Bb2 Rfd8 18. Bf1 Qe6 19. Bg2 h4 20. Rd2 Rac8 21. Ne2
hxg3 22. hxg3 Ng4 23. Qd3 Qh6 24. a4 d4 25. e4 Bxe4 26. Qxe4 Qxd2 0-1

[Event "III. Budapest Open"]
[Site "Budapest, Hungary"]
[Date "2013.08.24"]
[Round "8.5"]
[White "Szepes, Tamas"]
[Black "Palla, Akos Botond"]
[Result "0-1"]
[WhiteElo "2248"]
[BlackElo "2054"]
[PlyCount "70"]
[EventDate "2013.??.??"]

1. d4 d5 2. Nf3 Nf6 3. g3 c6 4. Bg2 Bg4 5. O-O Nbd7 6. Nbd2 e6 7. b3 Be7 8. Bb2
O-O 9. c4 a5 10. Qc2 Bf5 11. Qc1 h6 12. Re1 Ne4 13. Nxe4 Bxe4 14. Ba3 a4 15.
Bxe7 Qxe7 16. Nd2 Bxg2 17. Kxg2 axb3 18. axb3 Qb4 19. Qc2 Nf6 20. Rxa8 Rxa8 21.
Rb1 Rd8 22. e3 c5 23. Qd3 cxd4 24. exd4 b6 25. Rc1 dxc4 26. bxc4 Qd6 27. Nb3
Nd7 28. Qe3 Rc8 29. h3 Rxc4 30. Rxc4 Qd5+ 31. Qf3 Qxc4 32. Kh2 Nf6 33. g4 Nd5
34. g5 hxg5 35. Kg1 Qc3 0-1

[Event "III. Budapest Open"]
[Site "Budapest, Hungary"]
[Date "2013.08.24"]
[Round "8.6"]
[White "Bakk, Zoltan"]
[Black "Papagorasz, Takisz"]
[Result "0-1"]
[WhiteElo "2070"]
[BlackElo "2163"]
[PlyCount "54"]
[EventDate "2013.??.??"]

1. d4 Nf6 2. Nf3 b6 3. Bf4 Bb7 4. e3 g6 5. Be2 Bg7 6. O-O O-O 7. c4 d6 8. Nc3
h6 9. h3 Nbd7 10. Qc2 e6 11. Bh2 Qe7 12. Rab1 c5 13. b4 cxd4 14. exd4 Rfc8 15.
Rfe1 Qf8 16. c5 dxc5 17. bxc5 Nxc5 18. dxc5 Qxc5 19. Be5 Ne4 20. Rb5 Qxf2+ 21.
Kh1 Bxe5 22. Nxe4 Qxe1+ 23. Nxe1 Rxc2 24. Nxc2 Bxe4 25. Ne3 Bd6 26. Nc4 Bc5 27.
h4 Bc6 0-1

[Event "III. Budapest Open"]
[Site "Budapest, Hungary"]
[Date "2013.08.24"]
[Round "8.8"]
[White "Juhasz, Mark"]
[Black "Bartuszek, Andras"]
[Result "1-0"]
[WhiteElo "2154"]
[BlackElo "1844"]
[PlyCount "133"]
[EventDate "2013.??.??"]

1. c4 Nf6 2. g3 g6 3. Bg2 Bg7 4. Nc3 d6 5. e4 c6 6. Nge2 O-O 7. O-O e5 8. d4
Be6 9. d5 cxd5 10. cxd5 Bd7 11. b4 Na6 12. a3 Qc8 13. f3 Nc7 14. Qd3 a6 15. Be3
b5 16. Rfc1 Qb7 17. g4 Rac8 18. Ng3 Na8 19. g5 Ne8 20. Nd1 Nb6 21. Nb2 f5 22.
Nf1 Nc7 23. Nd2 Nca8 24. Nb3 Nc4 25. Nxc4 bxc4 26. Na5 Qb8 27. Rxc4 Bb5 28.
Rxc8 Rxc8 29. Qb3 f4 30. Bf2 Kh8 31. Bf1 Bxf1 32. Rxf1 Nb6 33. Nc6 Qb7 34. a4
Nd7 35. Rc1 Bf8 36. Ra1 Nc5 37. Qc3 Ne6 38. h4 Nd4 39. Bxd4 exd4 40. Qd2 Qd7
41. Kg2 Bg7 42. Ra2 Rxc6 43. dxc6 Qxc6 44. Qc2 Qe8 45. Qc4 h6 46. Rc2 Qxa4 47.
b5 Qxc4 48. Rxc4 axb5 49. Rb4 hxg5 50. hxg5 Be5 51. Rxb5 Kg7 52. Rb7+ Kf8 53.
Kf2 d3 54. Rb3 Bd4+ 55. Ke1 Ke7 56. Rxd3 Bc5 57. Rd5 Bb4+ 58. Ke2 Ke6 59. Kd3
Be1 60. Kc4 Ke7 61. Kb5 Bc3 62. Kc6 Bb4 63. Rb5 Bc3 64. Kd5 Be1 65. Rb7+ Ke8
66. Kxd6 Bh4 67. Rb8+ 1-0

[Event "III. Budapest Open"]
[Site "Budapest, Hungary"]
[Date "2013.08.24"]
[Round "8.9"]
[White "Heyl, Thomas"]
[Black "Ritter, Gabor Dr"]
[Result "1/2-1/2"]
[WhiteElo "1997"]
[BlackElo "2108"]
[PlyCount "64"]
[EventDate "2013.??.??"]

1. c4 g6 2. g3 Bg7 3. Bg2 d6 4. Nc3 Nf6 5. e4 O-O 6. Nge2 c5 7. O-O Nc6 8. d3
a6 9. f4 Rb8 10. h3 Ne8 11. Rb1 Bd7 12. b3 Nc7 13. Bb2 Ne6 14. Nd5 Ned4 15. Kh2
b5 16. Ne3 Qa5 17. Nc1 b4 18. Rf2 e6 19. Nc2 Qc7 20. Nxd4 Nxd4 21. Ne2 Nxe2 22.
Bxg7 Kxg7 23. Qxe2 e5 24. Bf3 Rbe8 25. Rbf1 f6 26. Bg4 a5 27. Qe3 f5 28. Bf3
Qc8 29. Bg2 exf4 30. gxf4 Qc7 31. Qd2 Be6 32. Re1 fxe4 1/2-1/2

[Event "III. Budapest Open"]
[Site "Budapest, Hungary"]
[Date "2013.08.24"]
[Round "8.10"]
[White "Alvin, Leo"]
[Black "Kormos, Adam"]
[Result "0-1"]
[WhiteElo "2005"]
[BlackElo "2198"]
[PlyCount "58"]
[EventDate "2013.??.??"]

1. d4 d5 2. c4 dxc4 3. e3 Nf6 4. Bxc4 e6 5. Nf3 c5 6. O-O a6 7. Bd3 Nc6 8. dxc5
Bxc5 9. a3 O-O 10. Qc2 Qd5 11. Rd1 Qh5 12. b4 Ba7 13. Bb2 e5 14. Nbd2 Re8 15.
Ne4 Nxe4 16. Bxe4 Bg4 17. Rd2 Rac8 18. Qb3 Bb8 19. Rad1 Bc7 20. b5 axb5 21.
Qxb5 f5 22. Bxc6 bxc6 23. Qc4+ Kh8 24. Rd7 f4 25. R7d2 e4 26. Qc3 Qh6 27. Rd7
Bxd7 28. Rxd7 exf3 29. Rxg7 Be5 0-1

[Event "III. Budapest Open"]
[Site "Budapest, Hungary"]
[Date "2013.08.24"]
[Round "8.11"]
[White "Csabai, Viktor"]
[Black "Adrien, Vincent"]
[Result "0-1"]
[WhiteElo "2034"]
[BlackElo "1994"]
[PlyCount "108"]
[EventDate "2013.??.??"]

1. d4 Nf6 2. Nf3 e6 3. g3 d5 4. Bg2 c6 5. O-O Be7 6. c4 O-O 7. Qc2 b6 8. Rd1
Bb7 9. Nbd2 Nbd7 10. e4 Nxe4 11. Nxe4 dxe4 12. Qxe4 Nf6 13. Qe2 Qc8 14. Bf4 Re8
15. Ng5 c5 16. Ne4 Nxe4 17. Bxe4 cxd4 18. Rxd4 Bc5 19. Rd3 e5 20. Bg5 f5 21.
Bxb7 Qxb7 22. Rad1 Qf7 23. Rd7 Qg6 24. Be3 Bf8 25. Qd3 h5 26. Qd5+ Kh7 27. Kh1
a5 28. Qf7 Qg4 29. Bxb6 Re7 30. Qd5 Rxd7 31. Qxd7 h4 32. gxh4 Qf3+ 33. Kg1 Qg4+
34. Kf1 Qxc4+ 35. Qd3 Qg4 36. Re1 Re8 37. Bxa5 e4 38. Qg3 Qh5 39. Qg5 Qf7 40.
Bc3 Re6 41. h5 Rh6 42. Ke2 Rxh5 43. Qg3 f4 44. Qg4 Rxh2 45. Kd1 Bc5 46. Rg1 Bf8
47. Bd2 Bd6 48. Bc3 Bf8 49. Bd2 e3 50. fxe3 Qxa2 51. Qg6+ Kg8 52. exf4 Qa1+ 53.
Bc1 Qa4+ 54. Ke1 Bb4+ 0-1

[Event "III. Budapest Open"]
[Site "Budapest, Hungary"]
[Date "2013.08.24"]
[Round "8.12"]
[White "Zoldy, Robert"]
[Black "Peczeli, Zoltan"]
[Result "1/2-1/2"]
[WhiteElo "1962"]
[BlackElo "2036"]
[PlyCount "37"]
[EventDate "2013.??.??"]

1. e4 e6 2. d4 d5 3. Nc3 Bb4 4. exd5 exd5 5. Bd3 Ne7 6. Qh5 Nd7 7. Bg5 Nf8 8.
Nf3 Nfg6 9. O-O f6 10. Bd2 Be6 11. Rae1 Bf7 12. Qh3 O-O 13. Ne2 Bxd2 14. Nxd2
Re8 15. f4 Nf8 16. f5 Qd6 17. Qg4 c5 18. c3 Nc6 19. dxc5 1/2-1/2

[Event "III. Budapest Open"]
[Site "Budapest, Hungary"]
[Date "2013.08.24"]
[Round "8.15"]
[White "Gubics, Peter"]
[Black "Abraham, Lajos"]
[Result "1-0"]
[WhiteElo "2113"]
[BlackElo "1821"]
[PlyCount "65"]
[EventDate "2013.??.??"]

1. Nf3 b6 2. g3 Bb7 3. Bg2 d6 4. O-O Nd7 5. c4 Ngf6 6. Nc3 e6 7. Qa4 Ne4 8.
Nxe4 Bxe4 9. c5 d5 10. d3 Bxf3 11. Bxf3 Bxc5 12. d4 Bd6 13. e4 O-O 14. exd5
exd5 15. Bxd5 Rb8 16. Qxa7 c5 17. Bc6 Nf6 18. dxc5 bxc5 19. Rd1 Qc7 20. Qxc7
Bxc7 21. a4 Ba5 22. Bd2 Rb6 23. Bg2 Bb4 24. a5 Ra6 25. Bb7 Ra7 26. a6 Rb8 27.
Bxb4 cxb4 28. Rac1 Kf8 29. Rc8+ Rxc8 30. Bxc8 Ke7 31. Rd4 Ne8 32. Rxb4 Nd6 33.
Rb7+ 1-0

[Event "III. Budapest Open"]
[Site "Budapest, Hungary"]
[Date "2013.08.24"]
[Round "8.18"]
[White "Czimer, Jozsef"]
[Black "Lakat, Gyula"]
[Result "1/2-1/2"]
[WhiteElo "1704"]
[BlackElo "1863"]
[PlyCount "74"]
[EventDate "2013.??.??"]

1. e4 c5 2. Nf3 e6 3. c4 Nc6 4. Nc3 a6 5. a3 Qc7 6. d4 cxd4 7. Nxd4 Be7 8. Nxc6
bxc6 9. g3 Nf6 10. Bg2 a5 11. O-O Ba6 12. b3 d5 13. exd5 exd5 14. Bf4 Qd7 15.
Qe2 O-O 16. Rfd1 Rfe8 17. Qc2 Rac8 18. Qb2 d4 19. Na4 Rcd8 20. c5 Nd5 21. Nb6
Nxb6 22. cxb6 Bf6 23. Qd2 Ra8 24. Rac1 Bb7 25. Rc5 Qe6 26. Rb1 h6 27. Bf1 Qe7
28. Rbc1 Qd7 29. a4 Be7 30. Rxa5 Rxa5 31. Qxa5 Ra8 32. Qd2 c5 33. f3 Qc6 34.
Qd3 Qxb6 35. Qb5 Qxb5 36. axb5 Bxf3 37. b6 Bg5 1/2-1/2

[Event "III. Budapest Open"]
[Site "Budapest, Hungary"]
[Date "2013.08.24"]
[Round "8.19"]
[White "Mihaly, Zoltan"]
[Black "Gyulai, David"]
[Result "0-1"]
[WhiteElo "1774"]
[BlackElo "1435"]
[PlyCount "58"]
[EventDate "2013.??.??"]

1. c4 Nf6 2. g3 e6 3. Bg2 d5 4. b3 Be7 5. e3 O-O 6. Ne2 e5 7. cxd5 Nxd5 8. Bb2
Nb4 9. O-O Nd3 10. Bc3 Bf5 11. Bxb7 Nd7 12. Nc1 Rb8 13. Qf3 Nxc1 14. Rxc1 Bd3
15. Be4 Nc5 16. Bxd3 Nxd3 17. Rd1 f5 18. Qc6 Rb6 19. Qc4+ Kh8 20. a4 Qd7 21.
Ra2 f4 22. exf4 Rxf4 23. Bd4 Rxd4 24. Qc2 Nb4 25. Qb2 Nxa2 26. Qxa2 Rdb4 27.
Nc3 Rxb3 28. Ne4 Qd3 29. Re1 Rb1 0-1

[Event "III. Budapest Open"]
[Site "Budapest, Hungary"]
[Date "2013.08.24"]
[Round "8.20"]
[White "Mihok, Laszlo"]
[Black "Czipp, Janos"]
[Result "1-0"]
[WhiteElo "2102"]
[BlackElo "1417"]
[PlyCount "67"]
[EventDate "2013.??.??"]

1. d4 d5 2. c4 Nf6 3. cxd5 Nxd5 4. e4 Nf6 5. Nc3 c6 6. Nf3 Bg4 7. Be3 e6 8. Bd3
Nbd7 9. h3 Bh5 10. Qe2 Bb4 11. O-O Bg6 12. Bg5 Be7 13. Bf4 O-O 14. Rad1 Nh5 15.
Bh2 Nb6 16. Bc2 Bd6 17. e5 Bxc2 18. Qxc2 Bc7 19. g4 g6 20. gxh5 f5 21. Bf4 Nd5
22. Bh6 Nxc3 23. Qxc3 Rf7 24. Ng5 Re7 25. Qg3 Qe8 26. Kh1 Rd8 27. Rg1 Red7 28.
Nf3 Qf7 29. hxg6 hxg6 30. Qxg6+ Qxg6 31. Rxg6+ Kh8 32. Rxe6 Rh7 33. Bg5 Rg8 34.
Bf6+ 1-0

[Event "III. Budapest Open"]
[Site "Budapest, Hungary"]
[Date "2013.08.24"]
[Round "8.21"]
[White "Gyimesi, Peter"]
[Black "Balla, Attila"]
[Result "0-1"]
[WhiteElo "1646"]
[BlackElo "1813"]
[PlyCount "74"]
[EventDate "2013.??.??"]

1. e4 d6 2. d4 Nd7 3. Nf3 g6 4. Bc4 e6 5. Bg5 Be7 6. Bxe7 Qxe7 7. O-O e5 8. Nc3
Ngf6 9. Nb5 Nb6 10. Bb3 Nxe4 11. dxe5 dxe5 12. Re1 f5 13. a4 a6 14. Nc3 Nxc3
15. bxc3 e4 16. Nd2 Bd7 17. f3 Qc5+ 18. Kh1 e3 19. f4 O-O-O 20. Nf3 Nxa4 21.
Ne5 Nxc3 22. Qf3 Rhe8 23. Rxa6 Kb8 24. Rf6 Ne4 25. Rf7 Bc6 26. Nxc6+ Qxc6 27.
Rxh7 Qc3 28. Qe2 Rd2 29. Qb5 Red8 30. h3 Rd1 31. Rxd1 Rxd1+ 32. Kh2 Nd6 33. Qe2
Rd2 34. Qf3 Ne4 35. Re7 Rf2 36. Qd1 e2 37. Re8+ Ka7 0-1

[Event "III. Budapest Open"]
[Site "Budapest, Hungary"]
[Date "2013.08.24"]
[Round "8.22"]
[White "Danffy, Abel"]
[Black "Szurkos, Andras"]
[Result "0-1"]
[WhiteElo "1380"]
[BlackElo "1786"]
[PlyCount "62"]
[EventDate "2013.??.??"]

1. e4 e5 2. Nf3 Nc6 3. Bb5 a6 4. Ba4 Nf6 5. Nc3 d6 6. O-O Bd7 7. d3 Bg4 8. Bg5
Be7 9. h3 Bh5 10. Qe2 b5 11. Bb3 Nd4 12. Qe3 Bxf3 13. gxf3 h6 14. Bh4 g5 15.
Bg3 Nh5 16. Bh2 Nf4 17. Bxf4 gxf4 18. Qc1 b4 19. Nd5 Ne2+ 20. Kh1 Nxc1 21.
Raxc1 c6 22. Nxb4 Qb6 23. a3 a5 24. Na2 Bh4 25. Rcd1 Bxf2 26. Rd2 Bg3 27. Nc3
Rg8 28. Ne2 Qe3 29. Rfd1 Qxf3+ 30. Kg1 Be1+ 31. Kh2 Qg2# 0-1